| 000 | 00410nam a22001457a 4500 | ||
|---|---|---|---|
| 020 | _a9781098134181 | ||
| 040 | _cNUST | ||
| 082 |
_a006.31 _bFOS |
||
| 100 |
_aFoster, David _9127773 |
||
| 245 |
_aGenerative Deep Learning : _bTeaching Machines to Paint, Write, Compose and Play / _cDavid Foster |
||
| 260 |
_aUnited State : _bO’Reilly; _c2023. |
||
| 300 | _axxvi :426p. | ||
| 500 | _aHB | ||
| 942 |
_2ddc _cBK |
||
| 999 |
_c612793 _d612793 |
||